Effect of ultrasonication on colloidal thermophysical and rheological properties of alumina-water nanofluid /
محفوظ في:
| المؤلف الرئيسي: | |
|---|---|
| التنسيق: | أطروحة كتاب |
| اللغة: | English |
| منشور في: |
2015.
|
| الموضوعات: | |
| الوصول للمادة أونلاين: | http://studentsrepo.um.edu.my/id/eprint/7721 |
| الوسوم: |
إضافة وسم
لا توجد وسوم, كن أول من يضع وسما على هذه التسجيلة!
|
| LEADER | 01447cam a2200325 i 4500 | ||
|---|---|---|---|
| 001 | u1014876 | ||
| 003 | SIRSI | ||
| 005 | 201505180925 | ||
| 008 | 150518s2015 my a m 000 0 eng m | ||
| 040 | |a UMM |d UMJ |e rda | ||
| 090 | |a TJ7 |b UMP 2015 Isl | ||
| 097 | |a TJ7 |b UMP 2015 Isl | ||
| 100 | 1 | |a Islam, Mohammed Mahbubul, |e author | |
| 245 | 1 | 0 | |a Effect of ultrasonication on colloidal thermophysical and rheological properties of alumina-water nanofluid / |c Mohammed Mahbubul Islam. |
| 264 | 1 | |c 2015. | |
| 264 | 4 | |c 2015. | |
| 300 | |a xxi, 190 leaves : |b illustrations ; |c 30 cm. | ||
| 336 | |a text |2 rdacontent | ||
| 337 | |a unmediated |2 rdamedia | ||
| 338 | |a volume |2 rdacarrier | ||
| 502 | |b Ph.D. |c Jabatan Kejuruteraan Mekanik, Fakulti Kejuruteraan, Universiti Malaya |d 2015. | ||
| 504 | |a Bibliography: leaves 156-166. | ||
| 650 | 0 | |a Nanofluids |x Thermal properties |x Testing. | |
| 710 | 2 | |a Universiti Malaya. |b Fakulti Kejuruteraan, |e degree granting institution. | |
| 856 | 4 | 1 | |u http://studentsrepo.um.edu.my/id/eprint/7721 |
| 900 | |a NSR-AMA | ||
| 596 | |a 1 7 25 | ||
| 999 | |a TJ7 UMP 2015 ISL |w LC |c 1 |i A516352661 |d 24/11/2015 |f 24/11/2015 |g 1 |l STACKS |m P07JURUTER |r N |s Y |t TESIS |u 24/11/2015 |1 STEM | ||
| 999 | |a TJ7 UMP 2015 ISL |w LC |c 1 |i A516234364 |d 15/8/2016 |e 15/8/2016 |f 17/12/2015 |g 1 |l STACKS |m P01UTAMA |n 3 |r Y |s Y |t TESIS |u 16/12/2015 | ||
| 999 | |a TJ7 UMP 2015 ISL |w LC |c 1 |i A516352658 |d 24/11/2015 |f 24/11/2015 |g 1 |l STACKS |m P25UMARCHI |r N |s Y |t CD |u 24/11/2015 |1 STEM | ||
